| 000 | 01217nam a22002415i 4500 | ||
|---|---|---|---|
| 001 | 167131 | ||
| 003 | ES-MaACL | ||
| 005 | 20230906213451.0 | ||
| 008 | 951117s1726 sz |||| | lat d | ||
| 040 |
_aAR _bspa _cAR |
||
| 100 | 1 |
_aVela de Oreña, José. _9133589 |
|
| 245 | 1 | 0 |
_aD.D. Josephi Vela de Oreña... Dissertationum juris controversi tam in Hispalensi quam Granatensi senatu super materias tam ecclesiasticas quam civiles tomus secundus... _b: accesseruntque calci tres Praelectiones ejusdem autoris... |
| 250 | _aEditio novissima ... cum S. Rot. Romanae Decisionibus recentissimis numquam antea in lucem editis. | ||
| 260 |
_aColoniae Allobrogum : _bsumptibus Perachon & Cramer, _c1726. |
||
| 300 |
_a[8], 284, [2], 285-362, [34] p. [2] en bl., [4], 83, [10],p. [2] en bl. ; _cFol. |
||
| 595 | _aDatos de ed. preceden a la 2ª inf. complementaria. | ||
| 596 | _aMarca tip. xil. en port. | ||
| 597 | _aSign.: a4, A-Z6, 2A4, 2B-2G6, 2H4, 2I-2K6, 2L8, A-H6. | ||
| 597 | _aPraelectiones Salmanticenses y Decisionibus con portadilla propia. | ||
| 597 | _aTexto a dos col. | ||
| 740 | 0 | 1 | _aDissetationum iuris controversi ... |
| 852 |
_aES-MaACL _jR-1547-48 _z-- Enc. perg. _x-- Olim: G-2977-8 |
||
| 999 |
_c167131 _d167131 |
||